000 00634nam a22002057a 4500
003 koha_MIRAKIL
005 20250421150216.0
008 250421b tur||||| |||| 00| 0 tur d
020 _a9786052422144
040 _aTR-IsEVY
_btur
_cTR-IsEVY
041 _atur
082 _a332 ÖZY/P
100 _aÖzyurt, Özlem
245 0 _aParasını yöneten çocuklar /
_cÖzlem Özyurt.
250 _a5. bs.
260 _aİstanbul :
_bBeta Kids,
_c2023.
300 _a56 s. :
_brenkli resimli ;
_c23 cm.
650 _aToplumsal Yaşam.
_vPara.
_vFinansal Okuryazarlık.
_vParanın Yönetimi.
_vİhtiyaçlar.
_vİstekler.
942 _2ddc
_cBK
999 _c21918
_d21918